000 00298nam a22001217a 4500
008 230620b xxu||||| |||| 00| 0 eng d
082 _a323.14
_bRIC
100 _cAnthony H.Richmond
245 _aThe Colour Problem
260 _aSouth Africa
_bPelican Book
_c1955
300 _a370p
942 _2ddc
_cBK
999 _c1807
_d1807